Tristes tropiques /

Obra en que el antropólogo francés Claude Lévi-Strauss narra las experiencias de sus viajes a Brasil y sus estudios sobre los indígenas de este país sudamericano. En un estilo muy cercano a la literatura de viajes compara estas observaciones con las recogidas entre otras culturas, tales como la hind...

Descripción completa

Guardado en:
Detalles Bibliográficos
Autor principal: Lévi-Strauss, Claude (autor)
Formato: Libro
Idioma:Francés
Publicado: París, Francia : Union Générale d'Editions, 1955, c1955
Temas:
Etiquetas: Agrega una etiqueta
Sin etiquetas, Sé el primero en etiquetar este registro!

MARC

LEADER 00000nam^a2200000^a^4500
001 000303720
005 20250521000000.0
009 20260310112655.615
037 |a Acervo Xavier Clavigero 
041 |a FRA 
082 |a 300. 1  |b LEV OBR TRI 
100 |a Lévi-Strauss, Claude  |e (autor) 
240 1 1 |a [Tristes trópicos] 
245 1 0 |a Tristes tropiques /  |c C. Lévi-Strauss 
264 4 |a París, Francia :  |b Union Générale d'Editions,  |c 1955, c1955 
300 |a 380 p. 
336 |a texto  |b txt  |2 rdacontenido 
337 |a sin mediación  |b n  |2 rdamedio 
338 |a volumen  |b nc  |2 rdasoporte 
520 |a Obra en que el antropólogo francés Claude Lévi-Strauss narra las experiencias de sus viajes a Brasil y sus estudios sobre los indígenas de este país sudamericano. En un estilo muy cercano a la literatura de viajes compara estas observaciones con las recogidas entre otras culturas, tales como la hindú, la pakistaní o los caribeños. 
545 0 |a Claude Lévi-Strauss (Bruselas, 1908 - París, 2009) es considerado el fundador de la antropología estructuralista. Su teoría, basada en el estructuralismo lingüístico de Saussure y Jakobson, utilizó las oposiciones binarias y los ejes diacrónico y sincrónico para explicar los fenómenos sociales como sistemas de signos que son significantes. Para ello, reveló la existencia de una forma común de pensar lógicamente, una estructura inconsciente que precede a la conciencia, que al ponerse en relación en la vida social, crea sistemas de reglas que permiten atribuir valor y significado compartidos en la interacción social. Con sus aportaciones logró dotar de carácter científico al estudio etnológico y fue reconocido como uno de los intelectuales franceses más influyentes del siglo XX. 
649 |a XX 
650 |a Indígenas de América del Sur -  |z Brasil 
650 |a Indígenas del Caribe 
650 |a Viajes y Travesías -  |z Brasil 
650 |a Libros de Viajes -  |z Brasil -  |x Tema Principal 
650 |a Prácticas Culturales -  |z Brasil 
650 |a Antropología Cultural -  |z Brasil 
650 |a Antropología Cultural -  |z Caribe, El 
650 |a Antropología Cultural -  |z India 
650 |a Antropología Cultural -  |z Pakistán 
650 |a Antropología -  |x Teoría 
650 |a Sociología 
650 |a Brasil -  |x Descripción 
910 |a Fondo General 
920 |a Impresos - Libros 
930 |a Colección General 
905 |a 101 
901 |a 035359  |b IT1  |c ACC  |u 20250521 
902 |a https://opac.biblio.iteso.mx/vufind/Record/000303720